Mỗi ngày 30 phút học ngữ pháp tiếng Anh

में बचाया:
ग्रंथसूची विवरण
मुख्य लेखक: Nguyễn, Quốc Hùng
स्वरूप: पुस्तक
भाषा:Undetermined
प्रकाशित: Thành phố Hồ Chí Minh Nhà xuất bản Thành phố Hồ Chí Minh 2003
विषय:
टैग : टैग जोड़ें
कोई टैग नहीं, इस रिकॉर्ड को टैग करने वाले पहले व्यक्ति बनें!
Thư viện lưu trữ: Trung tâm Học liệu Trường Đại học Cần Thơ
LEADER 00641nam a2200205Ia 4500
001 CTU_64598
008 210402s9999 xx 000 0 und d
020 |b 19000 
082 |a 425 
082 |b H513 
100 |a Nguyễn, Quốc Hùng 
245 0 |a Mỗi ngày 30 phút học ngữ pháp tiếng Anh 
245 0 |c Nguyến Quốc Hùng 
260 |a Thành phố Hồ Chí Minh 
260 |b Nhà xuất bản Thành phố Hồ Chí Minh 
260 |c 2003 
650 |a English language 
650 |x Grammar 
904 |i Trang (sửa) 
980 |a Trung tâm Học liệu Trường Đại học Cần Thơ